HYBE - Quiz sur l'agence - Statistiques

Statistiques générales
  • Ce quiz a été pris 27 fois
    3 depuis la dernière actualisation
  • Le résultat moyen est 14 sur 47
Statistiques - réponses
Hint Réponse % Correct
Survival shows Combien de groupes de l'agence on été formés via un survival show 5
67%
Information sur l'agence Ancien nom de l'agence Big Hit Entertainment
67%
Labels Commençant par B Big Hit Music
67%
Groupes Commençant par B BTS
67%
Survival shows Nom du survival show mondial féminin lancé avec Geffen Records The Debut: Dream Academy
67%
Labels Commençant par H HYBE UMG
67%
Groupes Commençant par I ILLIT
67%
Groupes Commençant par N NewJeans
67%
Groupes Commençant par S Saint Satine
67%
Information sur l'agence Année de fondation 2005
33%
Labels Commençant par A ADOR
33%
Groupes Commençant par A Aoen
33%
Labels Commençant par B Belift Lab
33%
Groupes Commençant par B BoyNextDoor
33%
Information sur l'agence Pays où est basé l'agence Corée du Sud
33%
Groupes Commençant par C CORTIS
33%
Groupes Commençant par E Enhypen
33%
Information les groupes Quel groupe a quitté HYBE en 2023 après la fin de son contrat son label ? fromis_9
33%
Autres Citez une personne qui a été viré d'un des groupes de l'agence Garam / Danielle / Youngseo
33%
Survival shows Nom du survival show masculin diffusé en 2020 I-LAND
33%
Groupes Commençant par K Katseye
33%
Groupes Commençant par L Le Sserafim
33%
Autres Nom de la personne de l'agence à l'origine du procès mêlant l'agence à un de ses girls groups Min Hee-jin
33%
Labels Commençant par P Pledis Entertainment
33%
Survival shows Nom du survival show mondial féminin lancé avec Geffen Records et Abema PRELUDE: The Final Piece
33%
Survival shows Nom du survival show féminin diffusé en 2023 R U Next?
33%
Groupes Commençant par S Santos Bravos
33%
Groupes Commençant par S Seventeen
33%
Labels Commençant par S Source Music
33%
Groupes Commençant par un caractères spéciales &Team
33%
Groupes Commençant par T Tomorrow X Together / TXT
33%
Groupes Commençant par T TWS
33%
Information les groupes Nom du premier groupe à avoir débuté (avant la restructuration HYBE) 8Eight
0%
Labels Commençant par A abd
0%
Survival shows Nom du survival show japonais masculin &AUDITION - The Howling
0%
Information sur l'agence Fondateur de HYBE Bang Si-hyuk
0%
Information les groupes Nom du premier girl group (avant la restructuration HYBE) GLAM
0%
Information sur l'agence Nom complet de l'agence HYBE Labels
0%
Information sur l'agence Nom du bâtiment siège HYBE Yongsan / HYBE Insight
0%
Labels Commençant par K KOZ Entertainment
0%
Autres Nom du documentaire retraçant la création du groupe mondiale féminin lancé avec Geffen Records Pop Star Academy
0%
Information sur l'agence Ville où se trouve le siège Séoul
0%
Labels Commençant par S Supertone
0%
Groupes Commençant par S SYNDI8
0%
Information sur l'agence Devise officielle We believe in music
0%
Information sur l'agence Nom de la plateforme communautaire pour les fans Weverse
0%
Labels Commençant par Y YX Labels
0%
Aucun quiz correspondant
Distribution des résultats
% des personnes avec chaque résultat
Percentile par nombre de réponses
Votre historique - résultats
Vous n’avez pas pris ce quiz depuis la dernière actualisation